Synthetic Bible studies. (Record no. 3770)

000 -LEADER
fixed length control field 00549nam a2200181 a 4500
001 - CONTROL NUMBER
control field :::00001505$&:&@@
003 - CONTROL NUMBER IDENTIFIER
control field OkBaRHE
005 - DATE AND TIME OF LATEST TRANSACTION
control field 20010301095210.0
008 - FIXED-LENGTH DATA ELEMENTS--GENERAL INFORMATION
fixed length control field s1923 j 000 0 eng u
040 ## - CATALOGING SOURCE
Transcribing agency
100 1# - MAIN ENTRY--PERSONAL NAME
Personal name Gray, James M.
245 10 - TITLE STATEMENT
Title Synthetic Bible studies.
260 ## - PUBLICATION, DISTRIBUTION, ETC. (IMPRINT)
Place of publication, distribution, etc New York, NY., :
Name of publisher, distributor, etc Fleming H. Revell Co.
Date of publication, distribution, etc c1923
300 ## - PHYSICAL DESCRIPTION
Extent 340 p. ;
Dimensions 22 cm.
650 ## - SUBJECT ADDED ENTRY--TOPICAL TERM
Topical term or geographic name as entry element Bible
General subdivision Study
-- Outlines, Syllabi, etc.
942 ## - ADDED ENTRY ELEMENTS (KOHA)
Source of classification or shelving scheme
Koha item type Books
Copies
Date acquired Barcode Date last seen Not for loan Lost status Permanent Location Damaged status Koha item type Price effective from Full call number Withdrawn status Source of classification or shelving scheme Shelving location Copy number
2010-04-1415052018-03-12  RHEMA Bible Training College Books2010-04-14BS 591 .G7  General Stacks1